Normal view
MARC view
- القصص العربية
Entry Topical Term
001 - CONTROL NUMBER
- control field: 13983
003 - CONTROL NUMBER IDENTIFIER
- control field: JO-AjAnu
005 - DATE AND TIME OF LATEST TRANSACTION
- control field: 20230606072532.0
008 - FIXED-LENGTH DATA ELEMENTS
- fixed length control field: 230606|| aca||aabn | a|a d
040 ## - CATALOGING SOURCE
- Original cataloging agency: JO-AjAnu
- Transcribing agency: JO-AjAnu
150 ## - HEADING--TOPICAL TERM
- Topical term or geographic name entry element: القصص العربية
670 ## - SOURCE DATA FOUND
- Source citation: Work cat.: (JO-AjAnu)7188: همنغواي، ارنست ؛ ترجمه سمير عزت نصار , author 13982, رجال بلا نساء